| 000 | 00599nam a2200241Ia 4500 | ||
|---|---|---|---|
| 008 | 160803s9999 xx 000 0 und d | ||
| 020 | _a978-0545055741 | ||
| 100 | _aMyers, Walter Dean | ||
| 245 | _aSlam! / | ||
| 245 | _cWalter Dean Myers. | ||
| 260 | _aNew York : | ||
| 260 | _bScholastic Inc. | ||
| 260 | _c1996 | ||
| 300 | _a267 pages ; | ||
| 300 | _c22 cm | ||
| 650 | _aAfrican Americans -- | ||
| 650 | _aBasketball -- | ||
| 650 | _aHigh schools -- | ||
| 650 | _xJuvenile literature. | ||
| 650 | _xJuvenile literature. | ||
| 650 | _xJuvenile literature. | ||
| 700 | _a750 | ||
| 999 |
_c298609 _d298609 |
||